000 nam a22 7a 4500
999 _c9323
_d9323
008 180127b ||||| |||| 00| 0 eng d
100 _aNCERT
_95578
245 _aSocial Science Contemporary
260 _aNew Delhi
_bNCERT
_c2006